000
00314nam a2200145Ia 4500
100
_a
Adolph/Steve/ Bramble/P
942
_c
BK
654
_a
cases
245
_a
Patterns for effective use cases
260
_b
Pearson Education
_c
2003
082
_a
5.15
_b
ADO
300
_a
236
546
_a
ENGLISH
999
_c
25415
_d
25415